LEADER 02662nam 2200625Ia 450 001 9910451112503321 005 20200520144314.0 010 $a1-280-94050-6 010 $a9786610940509 010 $a0-8213-7045-6 035 $a(CKB)1000000000289689 035 $a(EBL)459310 035 $a(OCoLC)552069759 035 $a(SSID)ssj0000089067 035 $a(PQKBManifestationID)11426885 035 $a(PQKBTitleCode)TC0000089067 035 $a(PQKBWorkID)10089213 035 $a(PQKB)11286159 035 $a(MiAaPQ)EBC459310 035 $a(Au-PeEL)EBL459310 035 $a(CaPaEBR)ebr10180744 035 $a(CaONFJC)MIL94050 035 $a(EXLCZ)991000000000289689 100 $a20080924d2007 uy 0 101 0 $aeng 135 $aurcn||||||||| 181 $ctxt 182 $cc 183 $acr 200 10$aPublic policy and the challenge of chronic noncommunicable diseases$b[electronic resource] /$fOlusoji Adeyi, Owen Smith, Sylvia Robles 210 $aWashington, DC $cWorld Bank$dc2007 215 $a1 online resource (218 p.) 225 1 $aDirections in development. Human development 300 $aDescription based upon print version of record. 311 $a0-8213-7044-8 320 $aIncludes bibliographical references and index. 327 $aImproving NCD outcomes: a public policy perspective -- The agenda for the World Bank. 330 $aThe importance of chronic noncommunicable diseases (NCDs) to global health has gained increased recognition since the early 1990's, and has been accompanied by calls for a stronger policy response. It is increasingly clear that aging populations, rising incomes, and increased exposure to risk factors are contributing to patterns of illness, disability and premature death due to NCDs that merit greater policy attention than they have received in the past. This report is an Agenda for Action in response to the growing economic, social and health problems posed by NCDs. The report has a dual 410 0$aDirections in development (Washington, D.C.).$pHuman development. 606 $aChronic diseases$xGovernment policy 606 $aWorld health 608 $aElectronic books. 615 0$aChronic diseases$xGovernment policy. 615 0$aWorld health. 676 $a362.196/98 700 $aAdeyi$b Olusoji$0906952 701 $aSmith$b Owen$f1973-$0906953 701 $aRobles$b Sylvia$f1958-$0906954 801 0$bMiAaPQ 801 1$bMiAaPQ 801 2$bMiAaPQ 906 $aBOOK 912 $a9910451112503321 996 $aPublic policy and the challenge of chronic noncommunicable diseases$92028801 997 $aUNINA LEADER 04347 am 2200961 n 450 001 9910586695503321 005 20220803 010 $a2-7099-2259-2 024 7 $a10.4000/books.irdeditions.43207 035 $a(CKB)4100000012886560 035 $a(FrMaCLE)OB-irdeditions-43207 035 $a(oapen)https://directory.doabooks.org/handle/20.500.12854/91871 035 $a(PPN)267767633 035 $a(EXLCZ)994100000012886560 100 $a20220818j|||||||| ||| 0 101 0 $afre 135 $auu||||||m|||| 181 $ctxt$2rdacontent 182 $cc$2rdamedia 183 $acr$2rdacarrier 200 10$aBiogéographie de la flore du Sahara $eUne biodiversité en situation extrême /$fFrédéric Médail, Pierre Quézel 210 $aMarseille $cIRD Éditions$d2022 215 $a1 online resource (368 p.) 225 1 $aRéférence 311 $a2-36662-214-7 330 $aBien que l?imaginaire saharien n?évoque pas a priori la notion de biodiversité, la flore du Sahara est néanmoins bien plus diversifiée qu?il n?y paraît. Tantôt barrière ou relais pour la dispersion des espèces, le Grand Désert est en effet riche d?une histoire biogéographique très originale, dont cet ouvrage donne une première synthèse. Depuis les premières explorations botaniques sahariennes de la fin du xixe siècle, aux travaux pionniers du milieu du xxe siècle, jusqu?aux acquis biogéographiques les plus récents, l?ouvrage met en perspective l?organisation et l?évolution de la flore saharienne au sein d?un environnement changeant, tour à tour savane arborée puis terre d?une extrême aridité. Quelles sont la diversité et l?histoire de ce peuplement végétal peu connu ? Comment les flores méditerranéennes ou tropicales ont-elles pu migrer puis se maintenir dans les massifs sahariens ou sur les façades maritimes ? Quelles sont les conséquences des changements environnementaux passés et actuels ? Face aux enjeux de préservation de ce patrimoine naturel unique, l?ouvrage met l?accent sur la nécessité d?une véritable politique de conservation à l?échelle de cet immense désert. Région naturelle trop négligée par la recherche, le Sahara mérite d?être réinvesti par les sciences du vivant, et ce d?autant qu?il forme un laboratoire exceptionnel pour étudier l?impact des changements globaux en situation environnementale extrême. L?ouvrage, très documenté et abondamment illustré, fournira aux gestionnaires des milieux arides, aux écologues et biogéographes, aux enseignants et étudiants en biologie et en écologie, mais aussi aux naturalistes et simples voyageurs, un éclairage inédit sur la flore saharienne et son histoire. 517 $aBiogÃographie de la flore du Sahara 606 $aGeography 606 $aflore 606 $abiodiversité 606 $avégétal 606 $apatrimoine 606 $aconservation 606 $aenvironnement 606 $aespèces 606 $abotanique 606 $abiogéographie 606 $aécologie 606 $ahistoire 606 $adésert 606 $aaridité 606 $aSahara 606 $aAfrique 610 $aflore 610 $abiodiversité 610 $avégétal 610 $apatrimoine 610 $aconservation 610 $aenvironnement 610 $aespèces 610 $abotanique 610 $abiogéographie 610 $aécologie 610 $ahistoire 610 $adésert 610 $aaridité 610 $aSahara 610 $aAfrique 615 4$aGeography 615 4$aflore 615 4$abiodiversité 615 4$avégétal 615 4$apatrimoine 615 4$aconservation 615 4$aenvironnement 615 4$aespèces 615 4$abotanique 615 4$abiogéographie 615 4$aécologie 615 4$ahistoire 615 4$adésert 615 4$aaridité 615 4$aSahara 615 4$aAfrique 700 $aMédail$b Frédéric$0765998 701 $aQuézel$b Pierre$064406 701 $aKröpelin$b Stefan$01332265 701 $aMédail$b Frédéric$0765998 801 0$bFR-FrMaCLE 906 $aBOOK 912 $a9910586695503321 996 $aBiogéographie de la flore du Sahara$93040781 997 $aUNINA